Buoyancy-Inducet flows and Transport
Gespeichert in:
| Format: | Buch |
|---|---|
| Veröffentlicht: |
Washington :
Hackett Publishing Company,
1988
|
| Tags: |
Keine Tags, Fügen Sie das erste Tag hinzu!
|
MARC
| LEADER | 00000nam a22000003a 4500 | ||
|---|---|---|---|
| 001 | stu47270 | ||
| 005 | 20141122033259.2 | ||
| 008 | ------s1988----xxu---------------------d | ||
| 040 | |a STU |b slo | ||
| 041 | 0 | ||
| 044 | |a xxu | ||
| 080 | |a 532.1 | ||
| 245 | |a Buoyancy-Inducet flows and Transport | ||
| 260 | |a Washington : |b Hackett Publishing Company, |c 1988 | ||
| 300 | |a 1001 s | ||
| 996 | |b J81645 |c J*81645/K 14 |l JJK14 |s P |a 0 |w stu47270_0001 | ||